Možnosti rozvoja rómskeho etnika s podporou štrukturálnych fondov EÚ diplomová práca

Salvato in:
Dettagli Bibliografici
Autore principale: Kusalová, Stanislava
Ente Autore: Národohospodárska fakulta EU. Katedra verejnej správy a regionálneho rozvoja
Altri autori: Tvrdoň, Jozef
Natura: Libro
Lingua:slovacco
Pubblicazione: Bratislava 2013
Tags: Aggiungi Tag
Nessun Tag, puoi essere il primo ad aggiungerne!!

MARC

LEADER 00000nbm a2200000 4500
001 0169254
005 20161109102251.1
041 0 |a slo 
044 |a SK 
245 1 0 |a Možnosti rozvoja rómskeho etnika s podporou štrukturálnych fondov EÚ  |b diplomová práca  |c Stanislava Kusalová ; školiteľ: Jozef Tvrdoň 
264 1 |a Bratislava  |c 2013 
300 |a 86 s. 
100 1 |a Kusalová, Stanislava 
700 1 |a Tvrdoň, Jozef 
710 2 |a Národohospodárska fakulta EU. Katedra verejnej správy a regionálneho rozvoja